Current Arkansas NFL Players - Statistics

General Stats
  • This quiz has been taken 14 times
  • The average score is 5 of 9
Answer Stats
Picture Answer % Correct
Hunter Henry
100%
Dre Greenlaw
64%
Treylon Burks
64%
Brandon Allen
55%
Frank Ragnow
55%
Kamren Curl
45%
Deatrich Wise
27%
Feleipe Franks
27%
Jeremy Sprinkle
18%
No matching quizzes found
Score Distribution
Percent of People with Each Score
Percentile by Number Answered
Your Score History
You have not taken this quiz